000 02198cam a22005294i 4500
003 PE-LiUPU
005 20250731180149.0
008 150706s r 000 0 d
035 _a(Sirsi) a52093
040 _aPE-LiUPU
_bspa
_cPE-LiUPU
_erda
049 _aPRUA
082 0 4 _a581.981
_bCh
_221
245 0 1 _aChecklist das plantas do Nordeste Brasileiro :
_bangiospermas e gymnospermas /
_cMaria Regina de Vasconcellos Barbosa.
264 1 _aBrasilia :
_bMinisterio de Ciencia y Tecnología,
_c2006.
300 _a143 páginas ;
_c30 cm.
336 _atext
_2rdacontent
337 _aunmediated
_2rdamedia
338 _avolume
_2rdacarrier
505 0 _aA construcao da lista -- O formato da lista -- Tratamento sistemático -- O conhecimento atual sobre aa diversidade de Angiospermas no Nordeste brasileiro -- A regiao nordeste: características físicas -- Relevo -- Vegetacao -- The construction of the list -- The format of the list -- Systematic treatment -- Present knowledge of Angiosperm diversity in the Brazilian Northeast -- The Northeast Region: Physical Characteristics -- Relief -- Vegetation -- Checklist das plantas do Nordeste Brasileiro: Angiospermae e Gymnospermae .
526 _aSEG44
526 _aSEG26
526 _aP159
526 _aP155
526 _aP154
526 _aP153
526 _aP150
526 _aP100
526 _aP31
526 _aP30
526 _aP26
526 _aP25
526 _aP24
526 _aP22
526 _aP15
526 _aP10
650 0 4 _aPlantas
_zBrasil.
700 1 _ade Vasconcellos Barbosa, Maria Regina
700 1 _aSothers, Cynthia,
_eorg.
700 1 _aMayo, Simon,
_eorg.
910 _agl20130315
942 _2ddc
_cBOOK
949 _a581.981 Ch
_wDEWEY
_c1
_i66526
_lCCODEBUL1
_mBUL
_p10.00
_r0
_sY
_tLIBRO
_u2015-07-06
_xBIBLIOTECA
_zUNKNOWN
_o.STAFF. Colección General
994 _aC0
_bPEPRU
596 _a1
999 _a581.981 CH
_wDEWEY
_c54687
_i66526
_f2021-11-5
_g5
_lCCODEBUL1
_mBUL
_p10.00
_r0
_sY
_tBOOK
_u2015-7-6
_xBIBLIOTECA
_zUNKNOWN
_0COMPRA
_o.STAFF. Colección General
_d54687
980 _81
_gALBERTO SANCHEZ Responsable de Automatización